|
|
|
|
| LEADER |
00000nam0a2200000 4500 |
| 001 |
108802 |
| 005 |
20231031115826.0 |
| 010 |
|
|
|a 5936990133
|
| 035 |
|
|
|a (RuTPU)RU\TPU\book\117454
|
| 090 |
|
|
|a 108802
|
| 100 |
|
|
|a 20070126d2001 m y0rusy50 ca
|
| 101 |
0 |
|
|a rus
|
| 102 |
|
|
|a RU
|
| 105 |
|
|
|a y z 001zy
|
| 200 |
1 |
|
|a Хозяева российского леса
|f М. Л. Карпачевский
|
| 210 |
|
|
|a Москва
|c Изд-во Центра охраны дикой природы
|d 2001
|
| 215 |
|
|
|a 115 с.
|
| 320 |
|
|
|a Библиогр.: с. 104-107.
|
| 330 |
|
|
|a В книге показано, что к условиях истощительности современной модели лесопользования сохранение биологического разнообразия лесов России и значительной степени зависит от экологической политики лесного бизнеса и его информационной открытости. На примере крупнейших отечественных и международных лесопромышленных компаний, использующих российскую древесину, рассматривается, как они на практике способствуют сохранению российских лесов и какую роль в связи с этим траст для них диалог с обществом. Книга представляет интерес для руководителей лесопромышленных компаний и лесоторговых компаний, представителей законодательной и исполнительной власти, а также активистов охраны лесной природы.
|
| 610 |
1 |
|
|a лесоводство
|
| 610 |
1 |
|
|a леса
|
| 610 |
1 |
|
|a экология
|
| 610 |
1 |
|
|a охрана
|
| 610 |
1 |
|
|a управление
|
| 610 |
1 |
|
|a Россия
|
| 610 |
1 |
|
|a лесопромышленный комплекс
|
| 610 |
1 |
|
|a лесная промышленность
|
| 610 |
1 |
|
|a 21 век
|
| 610 |
1 |
|
|a лесозаготовки
|
| 610 |
1 |
|
|a лесопользование
|
| 610 |
1 |
|
|a лесной бизнес
|
| 610 |
1 |
|
|a крупные компании
|
| 610 |
1 |
|
|a торговля
|
| 610 |
1 |
|
|a зарубежные покупатели
|
| 675 |
|
|
|a 630.8
|v 3
|
| 700 |
|
1 |
|a Карпачевский
|b М. Л.
|g Михаил Львович
|
| 801 |
|
1 |
|a RU
|b 63413507
|c 20070126
|g PSBO
|
| 801 |
|
2 |
|a RU
|b 63413507
|c 20110304
|g PSBO
|
| 900 |
|
|
|a Лесоводство
|
| 942 |
|
|
|c BK
|